[Event "Défi"]
[Site "www.echecsemail.com"]
[Date "2026.01.17"]
[Round "1"]
[White "Joelcouturier"]
[Black "Steflam"]
[WhiteElo "1180"]
[BlackElo "1150"]
[Result "1-0"]
1.e4 e5
2.Nb1c3 Bf8c5
3.Ng1f3 d6
4.d3 Bc8g4
5.Nc3d5 Ng8f6
6.Bf1e2 Nb8c6
7.h3 Bg4xf3
8.Be2xf3 O-O
9.O-O Nc6d4
10.Nd5c3 a6
11.b4 Bc5xb4
12.Nc3b1 c5
13.Bc1b2 Nd4b5
14.c3 Bb4a5
15.c4 Nb5d4
16.Nb1c3  { temps }1-0

[Event "Tournoi n27334"]
[Site "www.echecsemail.com"]
[Date "2026.01.17"]
[Round "1"]
[White "Verson"]
[Black "Leredoutable"]
[WhiteElo "1880"]
[BlackElo "1750"]
[Result "1-0"]
1.d4 d5
2.Ng1f3 c5
3.e3 Nb8c6
4.c3 Ng8f6
5.Bf1d3 c4
6.Bd3c2 Qd8c7
7.Nb1d2 e5
8.O-O e4
9.Nf3e1 Bc8e6
10.b3 b5
11.Bc1b2 O-O-O
12.a4 b4
13.cxb4 Nc6xb4
14.bxc4 dxc4
15.Nd2xe4 Bf8d6
16.Ne4xd6 Rd8xd6
17.Bb2a3 Rd6b6
18.Ra1b1 a5
19.Ba3xb4 axb4
20.Bc2e4 Nf6xe4
21.Qd1c2 Ne4c3
22.Rb1a1 Nc3d5
23.Ra1c1 c3
24.Rc1b1 Qc7a7
25.e4 Nd5f6
26.h3 Kb8
27.d5 Be6d7
28.Qc2a2 Nf6xe4
29.Ne1f3 Ka8
30.Qa2c2 f5
31.a5 Rb6a6
32.Rb1xb4 Ra6xa5
33.Nf3e5 Ra5xd5
34.Ne5xd7 Qa7xd7
35.Qc2a2 Qd7a7
36.Rb4a4 Rd5d7
37.Ra4xa7 Rd7xa7
38.Qa2d5 Kb8
39.Rf1b1  { temps }1-0

[Event "Tournoi n27327"]
[Site "www.echecsemail.com"]
[Date "2026.01.17"]
[Round "1"]
[White "Legrillon"]
[Black "Jyfsk"]
[WhiteElo "1700"]
[BlackElo "1810"]
[Result "1-0"]
1.e4 c5
2.c4 d6
3.Ng1f3 Ng8f6
4.d3 e6
5.Bc1g5 Bf8e7
6.Bf1e2 O-O
7.h3 Nb8c6
8.O-O a6
9.a3 b5
10.b3 Bc8b7
11.Nb1d2 Qd8d7
12.cxb5 axb5
13.a4 bxa4
14.bxa4 Bb7a6
15.Qd1c2 Rf8b8
16.Rf1b1 Qd7c7
17.Rb1b3 Rb8xb3
18.Nd2xb3 Nf6e8
19.Bg5xe7 Nc6xe7
20.Qc2c3 Ne8f6
21.e5 dxe5
22.Nf3xe5 Ra8c8
23.Ne5c4 Ba6xc4
24.dxc4 Nf6e4
25.Qc3f3 Ne4f6
26.Ra1d1 Ne7f5
27.Be2d3 Nf5d4
28.Bd3xh7 Kxh7
29.Nb3xd4 cxd4
30.Rd1xd4 Kg8
31.Qf3d3 Kf8
32.Qd3a3 Ke8
33.Rd4h4 Rc8d8
34.Qa3b3 Rd8b8
35.Rh4h8 Ke7
36.Rh8xb8 Nf6d7
37.Qb3b4 Kf6
38.Rb8b7 Qc7d6
39.Qb4xd6 { abandon }1-0

[Event "Coupe Niveau 2"]
[Site "www.echecsemail.com"]
[Date "2026.01.17"]
[Round "1"]
[White "Tartu"]
[Black "Domenico"]
[WhiteElo "1720"]
[BlackElo "1720"]
[Result "0-1"]
1.e4 e5
2.Ng1f3 d6
3.Nb1c3 Bf8e7
4.Bf1c4 Ng8f6
5.O-O O-O
6.a3 Bc8e6
7.Bc4xe6 fxe6
8.d3 Nb8d7
9.Bc1g5 Nf6g4
10.Bg5xe7 Qd8xe7
11.h3 Ng4f6
12.Rf1e1 a5
13.b4 axb4
14.axb4 Ra8xa1
15.Qd1xa1 c6
16.Re1d1 Nf6e8
17.d4 exd4
18.Nf3xd4 Qe7f6
19.Nd4f3 Nd7e5
20.Nf3xe5 Qf6xf2
21.Kh1 dxe5
22.Qa1c1 Ne8f6
23.Rd1f1 Qf2g3
24.Rf1f3 Qg3h4
25.Qc1e3 Nf6g4
26.Rf3xf8 Kxf8
27.Kg1 Ng4xe3
{ abandon }0-1

[Event "Tetraktus 103"]
[Site "www.echecsemail.com"]
[Date "2026.01.17"]
[Round "1"]
[White "Bertelsen"]
[Black "Karkaskat"]
[WhiteElo "1730"]
[BlackElo "2060"]
[Result "0-1"]
1.e4 c5
2.Ng1f3 d6
3.Nb1c3 Ng8f6
4.d3 g6
5.Bf1e2 Bf8g7
6.Bc1d2 O-O
7.h3 Nb8c6
8.a3 a6
9.Ra1b1 b5
10.Nc3a2 Ra8b8
11.c3 Bc8e6
12.Na2c1 Nf6d7
13.b4 cxb4
14.axb4 d5
15.exd5 Be6xd5
16.Bd2f4 Bg7xc3
17.Bf4d2 Bc3g7
18.O-O Nd7e5
19.Nf3h2 Nc6d4
20.Bd2f4 Rb8c8
21.Bf4xe5 Bg7xe5
22.Rf1e1 f5
23.Be2f1 Qd8d6
24.Re1xe5 Qd6xe5
25.Nc1e2 Nd4xe2
26.Bf1xe2 Rc8c3
27.Nh2f3 Qe5d6
28.Nf3d4 e5
29.Nd4c2 Qd6c6
30.Nc2e1 Rf8c8
31.f3 Rc3c1
32.Rb1xc1 Qc6xc1
33.Kf2 Qc1xd1
34.Be2xd1 Rc8c3
35.Ke3 Rc3c1
36.Kd2 Rc1b1
37.Ne1c2 Bd5b3
38.Kc3 Bb3xc2
39.Bd1xc2 Rb1g1
40.d4 exd4
41.Kxd4 Rg1xg2
{ abandon }0-1

[Event "Tournoi n27365"]
[Site "www.echecsemail.com"]
[Date "2026.01.17"]
[Round "1"]
[White "Jyfsk"]
[Black "Intrigue"]
[WhiteElo "1780"]
[BlackElo "1710"]
[Result "1/2-1/2"]
1.e4 c5
2.d4 cxd4
3.Qd1xd4 Nb8c6
4.Qd4d1 e5
5.Ng1f3 d6
6.Bf1b5 Bc8d7
7.O-O Ng8f6
8.Bc1g5 Bf8e7
9.Nb1c3 O-O
10.Bg5xf6 Be7xf6
11.Qd1xd6 Bf6e7
12.Qd6d2 f6
13.Ra1d1 Bd7e6
14.Bb5xc6 Qd8xd2
15.Rd1xd2 bxc6
16.a3 Rf8d8
17.Rf1d1 Rd8xd2
18.Rd1xd2 Kf7
19.h3 h5
20.h4 Ra8d8
21.Rd2xd8 Be7xd8
22.Nf3d2 g5
23.hxg5 fxg5
24.g3 Bd8b6
25.Nd2f3 Kf6
26.Kg2 g4
27.Nf3d2 Bb6d4
28.Nc3a4 a5
{ nul }1/2-1/2

[Event "Eq:modesty-Avalon :"]
[Site "www.echecsemail.com"]
[Date "2026.01.17"]
[Round "1"]
[White "Mick13"]
[Black "Zax"]
[WhiteElo "1790"]
[BlackElo "2270"]
[Result "0-1"]
1.e4 d5
2.e5 Bc8f5
3.d4 e6
4.a3 c5
5.Bf1b5 Nb8c6
6.h4 Qd8a5
7.Nb1c3 cxd4
8.Bb5xc6 bxc6
9.Qd1xd4 Bf5xc2
10.Bc1d2 Qa5a6
11.Ng1h3 c5
12.Qd4f4 Ng8h6
13.Nc3e2 Bf8e7
14.O-O Bc2d3
15.Rf1e1 Bd3xe2
16.f3 Be2d3
17.Nh3g5 O-O
18.Qf4h2 c4
19.Bd2c3 Qa6b6
20.Kh1 Qb6f2
21.Qh2g1 Qf2xh4
22.Ng5h3 Bd3f5
23.Re1e2 Bf5d3
24.Bc3e1 Qh4h5
25.Qg1f1 Bd3xe2
26.Qf1xe2 Nh6f5
27.Kg1 Be7c5
28.Kh2 Nf5h4
29.g4 Qh5h6
30.Be1xh4 Qh6xh4
31.Ra1h1 Ra8b8
32.Kg2 Qh4e7
33.Qe2c2 Bc5d4
34.Nh3g5 Rb8xb2
{ abandon }0-1

[Event "Tournoi n27374"]
[Site "www.echecsemail.com"]
[Date "2026.01.17"]
[Round "1"]
[White "Gonzok67"]
[Black "Verson"]
[WhiteElo "1890"]
[BlackElo "1840"]
[Result "1-0"]
1.e4 e6
2.d4 d5
3.exd5 exd5
4.Nb1c3 Ng8f6
5.Ng1f3 c6
6.Bf1e2 Bf8d6
7.O-O O-O
8.Bc1g5 Bc8f5
9.Nf3h4 Bf5e6
10.Be2d3 Nb8d7
11.Nc3e2 h6
12.Bg5xf6 Nd7xf6
13.c3 Nf6e4
14.Nh4f3 Qd8f6
15.Kh1 Be6g4
16.Bd3xe4 dxe4
17.Nf3d2 Ra8e8
18.f3 exf3
19.Nd2xf3 Qf6f4
20.Ne2xf4 Bd6xf4
21.h3 Bg4e6
22.Nf3e5 Bf4xe5
23.dxe5 { abandon }1-0

[Event "Défi"]
[Site "www.echecsemail.com"]
[Date "2026.01.17"]
[Round "1"]
[White "Degun"]
[Black "Intrigue"]
[WhiteElo "1970"]
[BlackElo "1750"]
[Result "1/2-1/2"]
1.e4 c5
2.Ng1f3 Nb8c6
3.Bf1c4 e6
4.O-O d6
5.d4 cxd4
6.Nf3xd4 Bc8d7
7.Nb1c3 Bf8e7
8.Nd4b5 Qd8b8
9.Qd1g4 a6
10.Nb5a3 Be7f6
11.Bc1g5 Nc6e5
12.Qg4g3 b5
13.Bg5xf6 gxf6
14.Bc4d3 Ng8e7
15.Qg3g7 Rh8g8
16.Qg7xf6 b4
17.f4 Ne5xd3
18.cxd3 bxc3
19.bxc3 Qb8d8
20.Na3c4 Ne7c8
21.Qf6h6 Qd8e7
22.d4 Ra8b8
23.f5 f6
24.fxe6 Qe7xe6
25.d5 Qe6g4
26.g3 Qg4g7
27.Qh6f4 Ke7
28.Ra1e1 Qg7g4
29.Qf4xf6 Ke8
30.Nc4xd6 Nc8xd6
31.Qf6xd6 Rb8c8
32.Rf1f4 Qg4h3
33.Re1f1 Rg8xg3
34.hxg3 Qh3xg3
{ nul }1/2-1/2

[Event "1001"]
[Site "www.echecsemail.com"]
[Date "2026.01.17"]
[Round "1"]
[White "Turbo"]
[Black "Mindthegap"]
[WhiteElo "1290"]
[BlackElo "1430"]
[Result "1-0"]
1.d4 f5
2.Bc1f4 e6
3.a4 Ng8e7
4.b4 Ne7g6
5.e3 Bf8xb4
6.c3 Bb4a5
7.Qd1d3 Nb8c6
8.Ng1h3 Ng6xf4
9.Nh3xf4 d5
10.Bf1e2 O-O
11.O-O g5
12.Nf4h5 e5
13.Nb1d2 e4
14.Qd3c2 f4
15.exf4 e3
16.fxe3 Bc8f5
17.e4 dxe4
18.Nd2xe4 Nc6xd4
19.Qc2d3 Ba5b6
20.cxd4 Bb6xd4
21.Kh1 Bf5xe4
22.Qd3xe4 Qd8e8
23.Qe4d3 Ra8d8
24.a5 Bd4xa1
25.Qd3f3 gxf4
26.Rf1xa1 Qe8f7
27.Be2d1 Rd8xd1
28.Ra1xd1 a6
29.Qf3g4 Kh8
30.Rd1f1 Qf7c4
31.Qg4g7 1-0

[Event "Tournoi n27378"]
[Site "www.echecsemail.com"]
[Date "2026.01.17"]
[Round "1"]
[White "Verson"]
[Black "Emmanuel"]
[WhiteElo "1870"]
[BlackElo "1950"]
[Result "1-0"]
1.d4 f5
2.Ng1f3 Ng8f6
3.e3 g6
4.Bf1d3 Bf8g7
5.Nb1d2 O-O
6.O-O d6
7.e4 f4
8.Rf1e1 Nb8d7
9.Nd2b3 e5
10.Bd3c4 Kh8
11.Nf3g5 Nd7b6
12.Ng5f7 Rf8xf7
13.Bc4xf7 Qd8e7
14.dxe5 Qe7xf7
15.exf6 Qf7xf6
16.c3 Nb6c4
17.Nb3d2 Nc4e5
18.f3 Qf6g5
19.Qd1e2 Bc8h3
20.Kh1 Bh3e6
21.b3 h5
22.Bc1b2 h4
23.c4 h3
24.Nd2f1 Kh7
25.g3 Ne5c6
26.Bb2xg7 Kxg7
27.g4 Kf7
28.Ra1d1 Nc6e5
29.Nf1d2 b6
30.Qe2f1 Ra8h8
31.Nd2b1 Qg5e7
32.Nb1c3 c6
33.Rd1d2 Be6c8
34.Re1d1 Ke6
35.b4 a6
36.Rd2xd6 Qe7xd6
37.Rd1xd6 Kxd6
38.Qf1d1 Kc7
39.Kg1 g5
40.Kf2 Rh8d8
41.Qd1e2 Ne5d3
42.Kf1 Nd3xb4
43.a3 Nb4d3
44.Nc3d5 cxd5
45.Qe2xd3 dxe4
46.Qd3xe4 Rd8d1
47.Ke2 Rd1d7
48.Qe4e5 Kc6
49.Qe5xg5 Rd7d6
50.Qg5xf4 a5
51.Kf2 Bc8a6
52.g5 Kc5
53.g6 Ba6xc4
54.g7 b5
55.Kg3 Rd6g6
56.Kh4 Bc4e6
57.Kh5 Rg6g1
58.Qf4e5 { abandon }1-0

[Event "Eq:O fou d hello-LES CHATTERBOX :"]
[Site "www.echecsemail.com"]
[Date "2026.01.17"]
[Round "1"]
[White "Jyfsk"]
[Black "Patau"]
[WhiteElo "1800"]
[BlackElo "1690"]
[Result "0-1"]
1.e4 e5
2.d4 exd4
3.Qd1xd4 Nb8c6
4.Qd4d1 Ng8f6
5.Bf1d3 d5
6.exd5 Nf6xd5
7.Ng1f3 Bf8c5
8.O-O O-O
9.Bc1d2 Bc8g4
10.Bd3e2 Rf8e8
11.Nb1c3 Nd5xc3
12.Bd2xc3 Qd8xd1
13.Be2xd1 Re8e7
14.Nf3e1 Bg4xd1
15.Ra1xd1 Ra8e8
16.Ne1f3 f6
17.a3 Re7e2
18.Rd1d2 Re2xd2
19.Nf3xd2 Nc6d4
20.Bc3xd4 Bc5xd4
21.c3 Bd4c5
22.b4 Bc5d6
23.g3 Re8e2
24.Rf1d1 c5
25.Kf1 Re2e6
26.f4 cxb4
27.axb4 b5
28.Kf2 f5
29.Rd1e1 Kf7
30.Re1xe6 Kxe6
31.Ke3 Kd5
32.Kd3 h6
33.Nd2f3 a6
34.Nf3h4 Ke6
35.Kd4 g5
36.fxg5 hxg5
37.Nh4f3 g4
38.Nf3e1 Bd6e5
39.Kd3 Kd5
40.Ne1c2 f4
41.gxf4 Be5xf4
42.Nc2e3 Bf4xe3
43.Kxe3 Ke5
44.h4 gxh3
45.Kf3 Kd5
{ abandon }0-1

[Event "Défi"]
[Site "www.echecsemail.com"]
[Date "2026.01.17"]
[Round "1"]
[White "Vvvv"]
[Black "Chomi64"]
[WhiteElo "1790"]
[BlackElo "1830"]
[Result "0-1"]
1.e4 c5
2.Ng1f3 Nb8c6
3.d4 cxd4
4.Nf3xd4 Ng8f6
5.Nb1c3 a6
6.Nd4f3 d6
7.h3 g6
8.Bf1e2 Bf8g7
9.O-O O-O
10.Rf1e1 e6
11.Bc1g5 Qd8c7
12.Be2c4 e5
13.a3 Bc8e6
14.Bg5xf6 Be6xc4
15.Bf6xg7 Kxg7
16.Nc3d5 Bc4xd5
17.exd5 Nc6e7
18.Qd1e2 Ne7xd5
19.g3 Ra8c8
20.Ra1c1 Qc7d7
21.Kh2 f5
22.Rc1d1 Nd5f6
23.Nf3xe5 Qd7c7
24.Ne5f3 Rf8e8
25.Qe2d3 Qc7xc2
26.Re1xe8 Qc2xd3
27.Re8e7 Kf8
28.Rd1xd3 Kxe7
29.Nf3g5 Rc8c2
30.Kg2 Rc2xb2
31.Ng5f3 Nf6e4
{ abandon }0-1

[Event "Tournoi n27384"]
[Site "www.echecsemail.com"]
[Date "2026.01.17"]
[Round "1"]
[White "Abelito"]
[Black "Patau"]
[WhiteElo "1560"]
[BlackElo "1700"]
[Result "1-0"]
1.e4 e5
2.Bf1c4 c6
3.Ng1f3 d5
4.Bc4d3 Bc8g4
5.c4 Ng8f6
6.Nb1c3 Bf8c5
7.Bd3e2 dxe4
8.Nf3xe5 Bg4xe2
9.Nc3xe2 O-O
10.O-O Rf8e8
11.d4 exd3
12.Ne2c3 Re8xe5
13.Qd1d2 Nf6e4
14.Nc3xe4 Qd8d4
15.Ne4xc5 Qd4xc5
16.Qd2xd3 Nb8a6
17.Bc1e3 Qc5e7
18.Ra1d1 Na6c5
19.Qd3d6 Ra8e8
20.Qd6xe7 Re8xe7
21.Be3xc5 Re7e8
22.Bc5d4 Re5e2
23.a4 b6
24.b4 Re2c2
25.Rd1e1 Re8xe1
26.Rf1xe1 Kf8
27.c5 b5
28.axb5 cxb5
29.Re1a1 f6
30.h3 Rc2c4
31.Bd4e3 Rc4xb4
32.Ra1xa7 Rb4b1
33.Kh2 b4
34.c6 { abandon }1-0

[Event "Défi"]
[Site "www.echecsemail.com"]
[Date "2026.01.17"]
[Round "1"]
[White "Tartu"]
[Black "Burgman"]
[WhiteElo "1710"]
[BlackElo "2020"]
[Result "0-1"]
1.e4 d5
2.exd5 Qd8xd5
3.Nb1c3 Qd5a5
4.Ng1f3 Ng8f6
5.d4 c6
6.Bf1d3 Bc8g4
7.O-O e6
8.Bd3e2 Bf8e7
9.h3 Bg4h5
10.Nf3e5 Bh5xe2
11.Qd1xe2 Nb8d7
12.Bc1d2 Qa5c7
13.Ra1e1 O-O
14.Bd2g5 h6
15.Ne5xd7 Qc7xd7
16.a3 Qd7xd4
17.Bg5xf6 Be7xf6
18.Re1d1 Qd4b6
19.Rd1b1 Bf6xc3
20.bxc3 Qb6c7
21.Rf1d1 Ra8d8
22.Rd1xd8 Rf8xd8
23.Qe2e3 b6
24.g3 c5
25.h4 Qc7c6
26.Rb1e1 Qc6a4
27.Re1e2 Qa4xa3
28.Kg2 Qa3a1
29.Qe3e5 Qa1d1
30.Qe5e4 Qd1d5
31.Qe4xd5 Rd8xd5
32.Kf3 a5
33.Re2e4 Rd5d7
34.g4 Rd7a7
35.Ke3 a4
36.Kd3 a3
37.Re4e1 a2
38.Re1a1 b5
39.Kd2 Ra7a3
40.Kc1 b4
41.cxb4 cxb4
42.Kb2 Kf8
43.Ra1xa2 Ra3f3
44.Ra2a4 Rf3f4
45.f3 Ke7
46.h5 Kf6
47.Kc1 Kg5
48.Kd2 Kh4
49.Ke2 Kg3
50.Ra4a1 Rf4c4
51.Ra1a2 g6
52.hxg6 fxg6
53.Ra2b2 h5
54.gxh5 gxh5
55.Rb2a2 h4
{ abandon }0-1

[Event "Tournoi n27327"]
[Site "www.echecsemail.com"]
[Date "2026.01.17"]
[Round "1"]
[White "Intrigue"]
[Black "Jyfsk"]
[WhiteElo "1720"]
[BlackElo "1810"]
[Result "1/2-1/2"]
1.e4 c5
2.Ng1f3 d6
3.d4 cxd4
4.Nf3xd4 Ng8f6
5.Nb1c3 e6
6.Bf1d3 Bf8e7
7.O-O O-O
8.h3 Bc8d7
9.Bc1e3 Nb8c6
10.Qd1e2 Nc6xd4
11.Be3xd4 Bd7c6
12.Ra1e1 a6
13.e5 dxe5
14.Bd4xe5 Nf6d7
15.Be5g3 Be7f6
16.Qe2h5 g6
17.Qh5e2 Bf6xc3
18.bxc3 Nd7b6
19.Bd3e4 Bc6xe4
20.Qe2xe4 Qd8e7
21.Bg3e5 Nb6d5
22.c4 Nd5b4
23.a3 Nb4c6
24.a4 Nc6xe5
25.Qe4xe5 Ra8c8
26.Re1e4 Rf8e8
27.Rf1e1 Qe7c7
28.Qe5xc7 Rc8xc7
29.Re1b1 Re8d8
30.c3 Rd8c8
31.Rb1b4 a5
32.Rb4b5 Rc7xc4
33.Re4xc4 Rc8xc4
34.Rb5xa5 Rc4xc3
35.Ra5b5 Rc3c7
36.a5 f5
37.g4 Kf7
38.Kg2 fxg4
39.hxg4 Ke7
40.f4 Kd6
41.Kh3 Kc6
42.Rb5b6 Kd7
43.Kh4 Kc8
44.Rb6xe6 Rc7f7
45.Kg5 Rf7d7
46.Re6e5 Kb8
47.Kh6 Ka7
48.f5 gxf5
49.Re5xf5 b6
50.axb6 Kxb6
51.g5 Kc7
52.Rf5e5 Kd8
53.g6 hxg6
{ nul }1/2-1/2

[Event "Tournoi n27274"]
[Site "www.echecsemail.com"]
[Date "2026.01.17"]
[Round "1"]
[White "Alain64"]
[Black "Quasar999"]
[WhiteElo "2140"]
[BlackElo "2000"]
[Result "1-0"]
1.b3 d6
2.Bc1b2 e5
3.c4 Nb8d7
4.Nb1c3 Ng8f6
5.d4 Bf8e7
6.Ng1f3 exd4
7.Nf3xd4 O-O
8.e4 Rf8e8
9.Bf1d3 Nd7c5
10.O-O Nc5xd3
11.Qd1xd3 Bc8d7
12.Ra1e1 c6
13.Kh1 Qd8c8
14.f4 Be7f8
15.e5 Nf6g4
16.Nd4f3 Bd7f5
17.Qd3d2 dxe5
18.Nf3xe5 Qc8c7
19.h3 Ra8d8
20.Qd2c1 Ng4xe5
21.fxe5 Re8xe5
22.Re1xe5 Qc7xe5
23.Nc3d5 Qe5e6
24.Qc1g5 Rd8c8
25.Nd5f6 Kh8
26.Rf1xf5 h6
27.Qg5f4 gxf6
28.Rf5xf6 Qe6e1
29.Kh2 { abandon }1-0

[Event "Coupe Niveau 3"]
[Site "www.echecsemail.com"]
[Date "2026.01.17"]
[Round "1"]
[White "Luc20"]
[Black "Verson"]
[WhiteElo "1820"]
[BlackElo "1860"]
[Result "0-1"]
1.d4 d5
2.Ng1f3 Ng8f6
3.Bc1f4 e6
4.e3 Bf8d6
5.Nf3e5 O-O
6.c4 dxc4
7.Bf1xc4 b6
8.Qd1f3 c6
9.Ne5xc6 Nb8xc6
10.Qf3xc6 Bd6xf4
11.Qc6xa8 Bf4d6
12.Qa8xa7 Bd6b4
13.Nb1c3 Nf6d5
14.Bc4xd5 Bb4xc3
15.bxc3 Qd8xd5
16.f3 Qd5c4
17.Kd2 Bc8a6
18.Qa7xb6 Qc4e2
19.Kc1 Rf8c8
20.Qb6b2 Qe2xe3
21.Kd1 Rc8xc3
22.Qb2b8 Ba6c8
{ abandon }0-1

[Event "Défi"]
[Site "www.echecsemail.com"]
[Date "2026.01.17"]
[Round "1"]
[White "Speedyfil"]
[Black "Gambitmiau"]
[WhiteElo "1450"]
[BlackElo "1320"]
[Result "0-1"]
1.d4 Nb8c6
2.Ng1f3 d5
3.Bc1f4 Bc8f5
4.e3 Nc6b4
5.Bf1d3 Bf5xd3
6.cxd3 e6
7.O-O Bf8d6
8.Qd1a4 c6
9.Qa4b3 Bd6e7
10.Nb1d2 Ng8f6
11.Nf3e5 a5
12.a3 a4
13.Qb3c3 Nb4a6
14.h3 Ra8c8
15.Bf4h2 O-O
16.f4 Be7d6
17.Rf1f3 c5
18.Nd2f1 cxd4
19.Qc3xd4 Bd6xe5
20.fxe5 Nf6d7
21.Rf3g3 Na6c5
22.Rg3g4 g6
23.Nf1d2 Qd8a5
24.Nd2f3 Nc5b3
25.Qd4b4 Qa5xb4
26.Rg4xb4 Nd7c5
27.Ra1f1 Nc5xd3
28.Rb4xb7 Nd3xb2
29.Nf3g5 Rc8c3
30.Rf1f4 Rc3xe3
31.Rb7xf7 Rf8xf7
32.Rf4xf7 h6
33.Rf7f6 hxg5
34.Rf6xg6 Kf7
35.Rg6f6 Ke7
36.Kf2 Nb2d1
{ abandon }0-1

[Event "Coupe Niveau 4"]
[Site "www.echecsemail.com"]
[Date "2026.01.17"]
[Round "1"]
[White "Marcat"]
[Black "Berniz"]
[WhiteElo "2010"]
[BlackElo "2150"]
[Result "1-0"]
1.e4 c5
2.Ng1f3 d6
3.c3 Ng8f6
4.Bf1e2 Nb8c6
5.d4 Bc8g4
6.O-O g6
7.d5 Bg4xf3
8.Be2xf3 Nc6e5
9.Bf3e2 Bf8g7
10.Bc1e3 O-O
11.Nb1d2 Ra8c8
12.f4 Ne5d7
13.g4 a6
14.g5 Nf6e8
15.h4 b5
16.h5 e6
17.dxe6 fxe6
18.hxg6 hxg6
19.Be2g4 Qd8e7
20.a4 Ne8c7
21.Nd2f3 Nd7b6
22.Nf3h4 Qe7e8
23.Qd1xd6 Nb6c4
24.Qd6xc5 Nc7d5
25.exd5 Rc8xc5
26.Be3xc5 exd5
27.Ra1e1 Qe8c6
28.Bg4e6 Kh7
29.Bc5xf8 Bg7xf8
30.f5 Bf8c5
31.Kh2 gxf5
32.Be6xf5 Kg7
33.Re1e6 Qc6c7
34.Kh3 Nc4e5
35.Rf1e1 Bc5d6
36.Bf5c2 Qc7d7
37.Nh4f5 Kg8
38.Re6xd6 { abandon }1-0

[Event "Tournoi n27360"]
[Site "www.echecsemail.com"]
[Date "2026.01.17"]
[Round "1"]
[White "Nbelnico"]
[Black "4x4"]
[WhiteElo "1690"]
[BlackElo "1480"]
[Result "1-0"]
1.e4 e5
2.Ng1f3 d6
3.h3 Nb8c6
4.Bf1c4 Bc8e6
5.Bc4xe6 fxe6
6.O-O Qd8d7
7.d4 O-O-O
8.d5 Nc6d4
9.c3 Nd4xf3
10.Qd1xf3 Bf8e7
11.Qf3g4 g6
12.dxe6 Qd7e8
13.Qg4g3 Ng8f6
14.Qg3e3 c5
15.b4 Kb8
16.Bc1a3 b6
17.bxc5 dxc5
18.c4 Qe8c6
19.f3 Qc6xe6
20.Nb1d2 Nf6h5
21.Kh2 h6
22.Ra1b1 Be7g5
23.Qe3b3 Bg5xd2
24.Ba3xc5 Bd2f4
25.Kg1 Nh5g3
26.Rf1e1 Qe6c6
27.Bc5f2 Rd8d6
28.a4 Rh8d8
29.a5 Rd8d7
30.axb6 Rd7b7
31.c5 Rd6d2
32.Qb3g8 Qc6c8
33.bxa7 Kc7
34.Qg8xc8 Kxc8
35.a8Q Kc7
36.Qa8xb7 Kd8
37.Rb1d1 Ke8
38.Rd1xd2 Bf4xd2
39.Re1d1 Ng3e2
40.Kf1 Ne2f4
41.Rd1xd2 g5
42.Rd2d7 Kf8
43.Rd7d8 1-0

[Event "Coupe Niveau 2"]
[Site "www.echecsemail.com"]
[Date "2026.01.17"]
[Round "1"]
[White "Jlr"]
[Black "Patau"]
[WhiteElo "1370"]
[BlackElo "1690"]
[Result "0-1"]
1.e4 e5
2.Ng1f3 c6
3.Nf3xe5 Qd8e7
4.f4 d6
5.Ne5xf7 Kxf7
6.d3 Ng8f6
7.c3 Bc8g4
8.Qd1b3 Bg4e6
9.c4 Nb8a6
10.e5 dxe5
11.fxe5 Nf6g4
12.Bf1e2 Ng4xe5
13.d4 Ne5g6
14.d5 cxd5
15.Qb3f3 Qe7f6
16.Qf3xf6 Kxf6
17.Rh1f1 Ke7
18.Bc1g5 Kd7
19.cxd5 Be6xd5
20.Be2g4 Bd5e6
21.Bg4xe6 Kxe6
22.Nb1c3 Bf8b4
23.O-O-O Rh8f8
24.Nc3b5 Ra8c8
25.Kb1 Rf8xf1
26.Rd1xf1 Rc8c5
27.Nb5d4 Kd5
28.Rf1d1 Ke4
29.Nd4e6 Rc5e5
30.a3 Bb4e7
31.Rd1e1 Kf5
32.Ne6xg7 Kxg5
33.Re1xe5 Ng6xe5
34.h3 Na6c5
35.Ng7e8 Nc5d3
36.Ka2 Kh4
37.Ne8c7 Kg3
38.Nc7d5 Be7d8
39.Nd5e3 Nd3e1
40.Ne3f5 Kxg2
41.Nf5d6 b6
42.h4 Bd8xh4
43.Nd6c8 Ne5c6
44.a4 Bh4e7
45.Nc8xe7 Nc6xe7
46.Ka3 Ne7d5
47.b3 a5
48.Kb2 Ne1d3
49.Kc2 Nd3b4
50.Kd2 h5
51.Ke2 h4
52.Kd2 h3
{ abandon }0-1

[Event "Coupe Niveau 4"]
[Site "www.echecsemail.com"]
[Date "2026.01.17"]
[Round "1"]
[White "Nicodemouscron"]
[Black "Verson"]
[WhiteElo "2100"]
[BlackElo "1800"]
[Result "1-0"]
1.e4 e6
2.d4 d5
3.Nb1d2 dxe4
4.Nd2xe4 Nb8d7
5.Ng1f3 Ng8f6
6.Ne4xf6 Nd7xf6
7.Bf1d3 Bf8e7
8.O-O O-O
9.c3 b6
10.Bd3c2 Bc8b7
11.Nf3e5 c5
12.Bc1e3 Qd8d5
13.f3 cxd4
14.Be3xd4 Be7c5
15.Qd1d3 Bc5xd4
16.cxd4 Rf8d8
17.Ra1d1 g6
18.Qd3a3 Nf6d7
19.Ne5g4 h5
20.Bc2e4 Qd5a5
21.Qa3xa5 bxa5
22.Ng4f2 Bb7xe4
23.fxe4 Ra8c8
24.Rd1c1 Nd7b6
25.b3 Rc8xc1
26.Rf1xc1 Rd8c8
27.Rc1xc8 Nb6xc8
28.Kf1 Kf8
29.Ke2 Ke7
30.Kd3 Nc8b6
31.Nf2d1 f6
32.Nd1e3 Kd6
33.Ne3c4 Kc6
34.Nc4xa5 Kc7
35.Na5c4 a6
36.Ke3 Nb6xc4
37.bxc4 Kc6
38.h4 Kd6
39.d5 g5
40.g3 gxh4
41.gxh4 exd5
42.exd5 Ke5
43.Kf3 f5
44.Ke3 { abandon }1-0

[Event "La Diagonale du fou 9"]
[Site "www.echecsemail.com"]
[Date "2026.01.17"]
[Round "1"]
[White "Foxie519"]
[Black "Woluwe1975"]
[WhiteElo "1710"]
[BlackElo "1640"]
[Result "0-1"]
1.e4 e6
2.d3 c5
3.c4 Nb8c6
4.Ng1f3 d6
5.g3 h6
6.Bf1g2 e5
7.h3 Bc8e6
8.O-O Ng8f6
9.Kh2 Nc6b8
10.Nf3g1 Nb8c6
11.Bc1e3 Qd8b6
12.b3 Nc6d4
13.Nb1c3 h5
14.Be3g5 Nf6g4
15.Kh1 f6
16.Bg5h4 Ng4h6
17.Qd1xh5 Be6f7
18.Qh5d1 g5
19.Bh4xg5 fxg5
20.g4 a6
21.Ng1f3 O-O-O
22.Nf3xg5 Bf7g8
23.Nc3d5 Bg8xd5
24.cxd5 Kb8
25.f4 Qb6c7
26.f5 Nh6f7
27.Ng5e6 Nd4xe6
28.dxe6 Nf7g5
29.Kh2 Bf8e7
30.Qd1c2 Rh8h4
31.Qc2c4 b5
32.Qc4c1 Rd8h8
33.Qc1e3 Be7f6
34.Ra1c1 Rh4xg4
35.Rf1h1 Rg4f4
36.Kg1 Qc7g7
37.Rc1f1 Ng5xh3
38.Rh1xh3 Rh8xh3
39.Qe3xh3 Rf4h4
40.Qh3f3 Kb7
41.Qf3e2 Qg7g3
42.Rf1f3 Qg3g7
43.Kf1 Qg7h6
44.Ke1 Qh6c1
45.Qe2d1 Qc1c3
46.Qd1d2 Qc3a1
47.Ke2 Qa1d4
48.a3 Rh4h2
49.Kf1 Qd4a1
50.Qd2e1 Qa1xe1
51.Kxe1 Rh2xg2
52.Kf1 Rg2g7
53.Ke2 a5
54.Kd2 Kc6
55.Kc3 d5
56.exd5 Kxd5
57.b4 e4
{ abandon }0-1

[Event "Défi( 10J+24H/c 10J Max )"]
[Site "www.echecsemail.com"]
[Date "2026.01.17"]
[Round "1"]
[White "Titit1"]
[Black "Katastrofic"]
[WhiteElo "1460"]
[BlackElo "1460"]
[Result "1-0"]
1.Ng1f3 d5
2.e4 e6
3.e5 Bf8e7
4.d4 b6
5.a3 h6
6.Nb1c3 c5
7.Bf1b5 Bc8d7
8.Bb5e2 c4
9.O-O Bd7c6
10.b3 b5
11.b4 Nb8d7
12.Nf3d2 Be7g5
13.Bc1b2 a5
14.Nd2f3 axb4
15.Nc3b1 c3
16.Bb2c1 Bg5xc1
17.Qd1xc1 Ng8e7
18.Rf1d1 O-O
19.Nf3h4 bxa3
20.Nb1xc3 b4
21.Nc3b1 f6
22.Rd1d3 Bc6b5
23.Rd3d2 Bb5xe2
24.Rd2xe2 f5
25.Qc1f4 a2
26.Re2e3 Qd8e8
27.Re3g3 Kh7
28.Nb1d2 Rf8f7
29.Nd2f3 g5
30.Rg3xg5 hxg5
31.Nf3xg5 Kg7
32.Ng5xf7 Qe8xf7
33.Qf4g5 Ne7g6
34.Nh4f3 Ra8g8
35.h4 Kf8
36.Ra1xa2 Nd7b6
37.Qg5d8 Qf7e8
38.Qd8d6 Kg7
39.Qd6xb6 Qe8b8
40.Qb6xe6 { abandon }1-0

[Event "Défi"]
[Site "www.echecsemail.com"]
[Date "2026.01.17"]
[Round "1"]
[White "Castor"]
[Black "Titit1"]
[WhiteElo "1370"]
[BlackElo "1470"]
[Result "0-1"]
1.d4 d5
2.c4 Bc8f5
3.Nb1c3 Ng8f6
4.f3 Nb8c6
5.e3 h6
6.g4 Bf5e6
7.Bf1d3 dxc4
8.Bd3c2 g6
9.Ng1e2 Qd8d7
10.Bc2a4 Nf6d5
11.O-O O-O-O
12.Nc3e4 f6
13.Ne4c5 Qd7e8
14.Nc5xe6 Rd8d7
15.Ne6c5 Rd7d8
16.Ne2f4 Nd5xf4
17.exf4 e6
18.Rf1e1 Rd8xd4
19.Qd1c2 Bf8xc5
20.b4 Rd4d2
21.bxc5 Rd2xc2
22.Bc1e3 Rc2c3
23.Be3f2 Rc3xf3
24.Re1f1 Qe8f7
25.Ra1c1 Nc6b4
26.Kg2 Rf3xf4
27.Kg3 Rf4e4
28.h3 Rh8d8
29.Ba4c2 Nb4xc2
30.Rc1xc2 Rd8d3
31.Kg2 Qf7d7
32.h4 Re4xg4
33.Kh2 Qd7d5
34.Rc2c1 Qd5g2
0-1

[Event "Noël 2025 n2"]
[Site "www.echecsemail.com"]
[Date "2026.01.17"]
[Round "1"]
[White "Lancien57"]
[Black "Titit1"]
[WhiteElo "1460"]
[BlackElo "1480"]
[Result "1-0"]
1.e4 e5
2.Ng1f3 Ng8f6
3.Nb1c3 Nb8c6
4.d4 Bf8d6
5.d5 Nc6e7
6.Bf1e2 a6
7.Bc1g5 Nf6g8
8.Nf3h4 f6
9.Bg5e3 g6
10.Nh4f3 Bd6b4
11.Qd1d3 Bb4xc3
12.Qd3xc3 c6
13.dxc6 dxc6
14.O-O Bc8d7
15.Qc3b3 b5
16.a3 Qd8c7
17.Be2d3 c5
18.c4 bxc4
19.Bd3xc4 h5
20.h3 Ne7c6
21.Be3xc5 Ng8h6
22.Rf1e1 Ra8b8
23.Qb3c3 a5
24.b3 f5
25.exf5 Nh6xf5
26.Ra1d1 Kd8
27.Rd1d5 Kc8
28.Nf3xe5 Bd7e8
29.Bc4d3 Nf5g7
30.Ne5xc6 Be8xc6
31.Bc5d6 Qc7b7
32.Bd6xb8 Kxb8
33.Qc3e5 Kc8
34.Rd5d6 Bc6xg2
35.Bd3f5 Kb8
36.Rd6d7 Kc8
37.Rd7xg7 Kd8
38.Re1d1 Bg2d5
39.Rg7xb7 Rh8e8
40.Rd1xd5 1-0

[Event "Défi"]
[Site "www.echecsemail.com"]
[Date "2026.01.17"]
[Round "1"]
[White "Manulatus"]
[Black "Arno"]
[WhiteElo "1940"]
[BlackElo "1780"]
[Result "1-0"]
1.c4 Ng8f6
2.Nb1c3 e5
3.g3 Bf8c5
4.e3 Nb8c6
5.Bf1g2 d6
6.Ng1e2 Bc8e6
7.d4 exd4
8.exd4 Bc5b4
9.d5 { abandon }1-0

[Event "Défi( 10J+24H/c 10J Max )"]
[Site "www.echecsemail.com"]
[Date "2026.01.17"]
[Round "1"]
[White "Snarf"]
[Black "Tunnellavage"]
[WhiteElo "1720"]
[BlackElo "1760"]
[Result "1-0"]
1.e4 e5
2.Ng1f3 Nb8c6
3.Bf1b5 Ng8f6
4.d3 d6
5.h3 h6
6.a3 Bc8d7
7.Bc1e3 Bf8e7
8.Nb1c3 a6
9.Bb5a4 b5
10.Ba4b3 O-O
11.Qd1d2 Kh7
12.O-O-O Qd8b8
13.g4 g5
14.Rd1g1 Bd7e6
15.Bb3xe6 fxe6
16.h4 Kg7
17.hxg5 hxg5
18.Nf3xg5 { abandon }1-0